000 01358aaa a2200277 a 4500
003 BLK
005 20240412110650.0
007 ta
008 221104b bu |||||r|||| 00| | bu d
040 _aBLK
041 _aBUL
_cBUL
080 _aБългарска литература
_b821.163.2
_x(092)
_z821.163.2(092)
080 _aРусенски поет, изследовател на живота и делото на Захари Стоянов
_b929 Палежев, Йордан Йорданов
_z929 Палежев, Йордан Йорданов
245 _aЛитературни срещи
300 _a№ 51, 13 март 1982
520 _aОбсъждане на книгата на Борис Делчев - "В късни часове" и на русенеца Йордан Палежев - "Захари Стоянов. Непознати страници"
600 1 4 _9105744
_aПалежев, Йордан Йорданов
653 _9188047
_aЙордан Палежев
653 _9193981
_aпоети
653 _9195878
_aрусенци
653 _9194913
_aпублицисти
773 0 _tДунавска правда
_w291955
_xC613-1425
_dСофия ОбК на БКП и др. 1950
_i. //
856 _i0.00
_ldisable
942 _2udc
_cSTA
_n0
944 _cВася Ганчева
_k30549
_lВася Ганчева
_a30549
999 _c508715
_d508715